[Event "SR 2. liga A 2008/2009"]
[Site "?"]
[Date "2009.02.01"]
[Round "9.4"]
[White "Bury, Rastislav"]
[Black "Manak, Jozef"]
[Result "1/2-1/2"]
[WhiteElo "2088"]
[BlackElo "2009"]
[PlyCount "85"]
[EventDate "2008.??.??"]
[WhiteTeam "Slovakia"]
[BlackTeam "II"]
[WhiteTeamCountry "SVK"]
[BlackTeamCountry "SVK"]

1. d4 Nf6 2. c4 e6 3. Nc3 d5 4. Nf3 Be7 5. Bg5 O-O 6. e3 h6 7. Bh4 b6 8. cxd5
exd5 9. Bd3 Be6 10. O-O Nbd7 11. Qc2 c5 12. Rac1 a6 13. a4 Re8 14. Rfd1 Qc7 15.
Bf5 Qc6 16. Ne2 Bxf5 17. Qxf5 c4 18. Ne5 Qe6 19. Qf3 Nxe5 20. dxe5 Qxe5 21.
Bxf6 Bxf6 22. Nc3 Red8 23. Nxd5 b5 24. Rd2 Be7 25. Rcd1 Rab8 26. axb5 axb5 27.
Qg3 Qe6 28. Qc7 Bd6 29. Nf6+ Qxf6 30. Rxd6 Rdc8 31. Qxb8 Rxb8 32. Rxf6 gxf6 33.
Kf1 Kf8 34. Ke2 Ke7 35. Rd5 Ke6 36. e4 Rg8 37. Rxb5 Rxg2 38. Rh5 Rg5 39. Rxh6
Rb5 40. Rh8 Rxb2+ 41. Ke3 Rb3+ 42. Kd4 Rf3 43. Kxc4 1/2-1/2

[Event "SR 2. liga A 2008/2009"]
[Site "?"]
[Date "2009.02.01"]
[Round "9.4"]
[White "Csiba, Peter"]
[Black "Malar, Pavol"]
[Result "0-1"]
[WhiteElo "2041"]
[BlackElo "2090"]
[PlyCount "80"]
[EventDate "2008.??.??"]
[WhiteTeam "Slovakia"]
[BlackTeam "II"]
[WhiteTeamCountry "SVK"]
[BlackTeamCountry "SVK"]

1. e4 e6 2. d4 d5 3. Nd2 Nc6 4. c3 e5 5. Bb5 exd4 6. cxd4 dxe4 7. Bxc6+ bxc6 8.
Nxe4 Bb4+ 9. Nc3 Ba6 10. Nge2 Qe7 11. Be3 Nf6 12. O-O O-O 13. Re1 Nd5 14. Nxd5
cxd5 15. Bd2 Bd6 16. Nc3 Qh4 17. g3 Qxd4 18. Be3 Qxd1 19. Rexd1 c6 20. Ne4 Be7
21. Nc5 Bc8 22. Rac1 a5 23. b3 Bg4 24. Rd4 Bh3 25. Ra4 Rfb8 26. Nd3 Rc8 27. Bc5
Bf6 28. Bb6 Bf5 29. Nf4 Bd8 30. Bxd8 Rxd8 31. Rc5 Be4 32. Ne2 Re8 33. Nd4 Bd3
34. Rxc6 Re1+ 35. Kg2 Rae8 36. Rxa5 Rd1 37. Ra4 g5 38. Kh3 h5 39. Kg2 Bf1+ 40.
Kg1 Bh3# 0-1

[Event "SR 2. liga A 2008/2009"]
[Site "?"]
[Date "2009.02.01"]
[Round "9.4"]
[White "Deak, Gabriel"]
[Black "Mydlarik, Martin"]
[Result "1/2-1/2"]
[WhiteElo "2044"]
[BlackElo "2124"]
[PlyCount "77"]
[EventDate "2008.??.??"]
[WhiteTeam "Slovakia"]
[BlackTeam "II"]
[WhiteTeamCountry "SVK"]
[BlackTeamCountry "SVK"]

1. d4 e6 2. Nf3 Nf6 3. Bg5 d5 4. e3 Be7 5. Bd3 Nbd7 6. Nbd2 c5 7. c3 O-O 8. Qe2
Re8 9. Ne5 Qc7 10. f4 Nf8 11. g4 a6 12. h4 b5 13. Bxf6 Bxf6 14. g5 Bd8 15. h5
f5 16. gxf6 Bxf6 17. h6 g6 18. Qg4 Qe7 19. Ke2 Bd7 20. Rhg1 b4 21. Ndf3 Bb5 22.
Bxb5 axb5 23. cxb4 cxd4 24. Nxd4 Qxb4 25. Nd3 Qd6 26. Nxb5 Qb6 27. Nc3 Rad8 28.
Raf1 Rd7 29. Qf3 Rf7 30. Rg3 Nd7 31. f5 Bxc3 32. bxc3 Rxf5 33. Qg2 Nf8 34. Rxf5
exf5 35. Qxd5+ Qe6 36. Qxe6+ Nxe6 37. Kd2 Ra8 38. Nb4 Nc5 39. Rg1 1/2-1/2

[Event "SR 2. liga A 2008/2009"]
[Site "?"]
[Date "2009.02.01"]
[Round "9.4"]
[White "Janos, Jozef"]
[Black "Hartl, Jan"]
[Result "1-0"]
[WhiteElo "2244"]
[BlackElo "2161"]
[PlyCount "123"]
[EventDate "2008.??.??"]
[WhiteTeam "Slovakia"]
[BlackTeam "II"]
[WhiteTeamCountry "SVK"]
[BlackTeamCountry "SVK"]

1. e4 e5 2. Nf3 Nc6 3. Bb5 a6 4. Ba4 Nf6 5. O-O Be7 6. Re1 b5 7. Bb3 O-O 8. a4
b4 9. d3 d6 10. h3 Na5 11. Ba2 c5 12. Nbd2 Nd7 13. c3 Rb8 14. d4 Qb6 15. dxe5
Nxe5 16. Nxe5 dxe5 17. Nc4 Nxc4 18. Bxc4 bxc3 19. bxc3 Qg6 20. Re3 Rd8 21. Qe2
Qd6 22. Ba3 a5 23. Rd3 Qc6 24. Rxd8+ Bxd8 25. Rd1 Be7 26. Qh5 Qf6 27. Qe2 g6
28. Qe3 Qc6 29. Bb5 Qc7 30. c4 Be6 31. Rd3 Rb6 32. Qd2 Rd6 33. Bb2 f6 34. Rxd6
Bxd6 35. Bc3 Be7 36. Bxa5 Qb8 37. Qd3 Bd6 38. Bd2 Kf7 39. a5 Ke7 40. f3 Bc7 41.
Qa3 Qa7 42. a6 Bb6 43. Ba5 Bd8 44. Be1 Bc8 45. Bf2 Bb6 46. g4 g5 47. h4 h6 48.
Kg2 Ke6 49. Qd3 Qa8 50. Kf1 Ke7 51. hxg5 hxg5 52. Qd5 Qxd5 53. cxd5 Kd6 54. Ke2
Ba7 55. Kd2 Bb6 56. Kc3 Ba7 57. Kc4 Bb6 58. Be3 Ba7 59. Bd2 Bb6 60. Kb3 Kc7 61.
Ka4 Kd6 62. Ba5 1-0

[Event "SR 2. liga A 2008/2009"]
[Site "?"]
[Date "2009.02.01"]
[Round "9.4"]
[White "Vach, Pavol"]
[Black "Polacik, Igor"]
[Result "0-1"]
[WhiteElo "2104"]
[BlackElo "2194"]
[PlyCount "46"]
[EventDate "2008.??.??"]
[WhiteTeam "Slovakia"]
[BlackTeam "II"]
[WhiteTeamCountry "SVK"]
[BlackTeamCountry "SVK"]

1. d4 Nf6 2. c4 g6 3. Nf3 Bg7 4. Nc3 d5 5. cxd5 Nxd5 6. e4 Nxc3 7. bxc3 O-O 8.
Bb5 c5 9. Be3 Bg4 10. Be2 Nc6 11. e5 Qa5 12. O-O Qxc3 13. Rc1 Qa3 14. Rxc5 Rfd8
15. Qa1 Be6 16. Rb1 Rd7 17. Bb5 Qxa2 18. Bxc6 bxc6 19. Rxc6 a5 20. Qxa2 Bxa2
21. Ra1 Bd5 22. Rc5 a4 23. Rxa4 Rxa4 0-1

[Event "SR 2. liga A 2008/2009"]
[Site "?"]
[Date "2009.02.01"]
[Round "9.5"]
[White "Bezuch, Martin"]
[Black "Diviak, Rastislav"]
[Result "1/2-1/2"]
[WhiteElo "2238"]
[BlackElo "2022"]
[PlyCount "66"]
[EventDate "2008.??.??"]
[WhiteTeam "Slovakia"]
[BlackTeam "II"]
[WhiteTeamCountry "SVK"]
[BlackTeamCountry "SVK"]

1. e4 d6 2. d4 Nf6 3. Nc3 g6 4. f4 Bg7 5. Nf3 O-O 6. Be2 c5 7. d5 Bg4 8. Be3
Nbd7 9. Qd2 a6 10. h3 Bxf3 11. Bxf3 b5 12. Ne2 Nb6 13. c3 Nc4 14. Qc1 Nxe3 15.
Qxe3 Nd7 16. O-O Rb8 17. Rad1 Qc7 18. h4 b4 19. h5 bxc3 20. bxc3 Rb2 21. hxg6
hxg6 22. Bg4 Nf6 23. Bh3 Nh5 24. g4 Rxe2 25. Qxe2 Ng3 26. Qxa6 Nxf1 27. Bxf1
Bxc3 28. Rb1 Bd4+ 29. Kg2 Rb8 30. Rb5 Rxb5 31. Qxb5 Kg7 32. a4 c4 33. Qxc4 Qa7
1/2-1/2

[Event "SR 2. liga A 2008/2009"]
[Site "?"]
[Date "2009.02.01"]
[Round "9.5"]
[White "Hertel, Ondrej"]
[Black "Peitl, Tomas"]
[Result "1/2-1/2"]
[WhiteElo "2040"]
[BlackElo "2033"]
[PlyCount "70"]
[EventDate "2008.??.??"]
[WhiteTeam "Slovakia"]
[BlackTeam "II"]
[WhiteTeamCountry "SVK"]
[BlackTeamCountry "SVK"]

1. d4 Nf6 2. Nf3 e6 3. c4 b6 4. Nc3 Bb7 5. Bg5 Be7 6. e3 d6 7. Bd3 Nbd7 8. e4
e5 9. d5 Nh5 10. h4 h6 11. Be3 O-O 12. Bf1 Ndf6 13. g3 Bc8 14. Nh2 Kh7 15. Be2
g6 16. Qd2 Ng8 17. Ng4 Bxg4 18. Bxg4 Qe8 19. Bxh5 gxh5 20. f4 Bf6 21. f5 Bg7
22. Nd1 Nf6 23. Nf2 Rg8 24. O-O Bf8 25. Kh2 a5 26. b3 c5 27. dxc6 Qxc6 28. Qd3
Ng4+ 29. Nxg4 Rxg4 30. Qd5 Qxd5 31. exd5 Rb8 32. a4 Be7 33. Rae1 Rbg8 34. Bf2
Bd8 35. Re2 Bc7 1/2-1/2

[Event "SR 2. liga A 2008/2009"]
[Site "?"]
[Date "2009.02.01"]
[Round "9.5"]
[White "Janos, Ivan"]
[Black "Certek, Pavel"]
[Result "1-0"]
[WhiteElo "2159"]
[BlackElo "2216"]
[PlyCount "79"]
[EventDate "2008.??.??"]
[WhiteTeam "Slovakia"]
[BlackTeam "II"]
[WhiteTeamCountry "SVK"]
[BlackTeamCountry "SVK"]

1. e4 c5 2. Nf3 Nc6 3. d4 cxd4 4. Nxd4 g6 5. c4 Bg7 6. Nc2 Nf6 7. Nc3 d6 8. Be2
Nd7 9. Bd2 Nc5 10. Ne3 O-O 11. f3 a5 12. O-O a4 13. Rb1 Nd4 14. Ncd5 f5 15. Bc3
Nxe2+ 16. Qxe2 f4 17. Bxg7 Kxg7 18. Nc2 Nd7 19. Qd2 g5 20. Rfd1 Rf7 21. Qc3+
Kh6 22. Qd4 Qa5 23. Nxe7 Nf6 24. Qxd6 Ra6 25. Qa3 Be6 26. Nd4 Bxc4 27. Ndf5+
Kh5 28. g4+ fxg3 29. Nxg3+ Kh6 30. Ngf5+ Kh5 31. f4 Qb6+ 32. Rd4 Bb3 33. axb3
Nxe4 34. b4 g4 35. Qe3 Nf6 36. Qg3 Rxe7 37. Qh4+ Kg6 38. Qg5+ Kf7 39. Qg7+ Ke6
40. Re1+ 1-0

[Event "SR 2. liga A 2008/2009"]
[Site "?"]
[Date "2009.02.01"]
[Round "9.5"]
[White "Kubon, Kamil"]
[Black "Sturdik, Igor"]
[Result "1/2-1/2"]
[WhiteElo "2044"]
[BlackElo "2022"]
[PlyCount "49"]
[EventDate "2008.??.??"]
[WhiteTeam "Slovakia"]
[BlackTeam "II"]
[WhiteTeamCountry "SVK"]
[BlackTeamCountry "SVK"]

1. d4 Nf6 2. c4 c5 3. d5 e6 4. Nc3 exd5 5. cxd5 d6 6. e4 g6 7. Bd3 Bg7 8. Nge2
O-O 9. O-O Re8 10. f4 c4 11. Bc2 b5 12. a3 a6 13. Be3 Bg4 14. h3 Bxe2 15. Qxe2
Nbd7 16. Qf2 Rc8 17. Rae1 Qc7 18. Bd4 Nc5 19. e5 Nfd7 20. exd6 Qxd6 21. f5 Bxd4
22. Qxd4 Rxe1 23. Rxe1 Nf6 24. fxg6 fxg6 25. Rf1 1/2-1/2

[Event "SR 2. liga A 2008/2009"]
[Site "?"]
[Date "2009.02.01"]
[Round "9.5"]
[White "Mruskovic, Radoslav"]
[Black "Krajnak, Robert"]
[Result "0-1"]
[WhiteElo "2079"]
[BlackElo "1968"]
[PlyCount "117"]
[EventDate "2008.??.??"]
[WhiteTeam "Slovakia"]
[BlackTeam "II"]
[WhiteTeamCountry "SVK"]
[BlackTeamCountry "SVK"]

1. d4 Nf6 2. c4 e6 3. Nf3 b6 4. g3 Ba6 5. Qc2 c5 6. Bg2 Bb7 7. O-O cxd4 8. Nxd4
Bxg2 9. Kxg2 Qc8 10. e4 Qb7 11. f3 d6 12. Bg5 Nbd7 13. Nc3 Rc8 14. Qe2 Be7 15.
Rfd1 a6 16. a4 O-O 17. a5 bxa5 18. Rxa5 Rc5 19. Rxc5 Nxc5 20. Qc2 h6 21. Be3
Rc8 22. Rb1 Ncd7 23. b3 d5 24. exd5 exd5 25. Nf5 Bf8 26. Qd2 dxc4 27. bxc4 Qc6
28. Nd5 Qe6 29. Nd4 Qe5 30. Bf4 Qh5 31. Qa2 Qg6 32. Rb2 Qd3 33. Nxf6+ Nxf6 34.
Be5 Nd7 35. Qxa6 Rxc4 36. Qa5 Nxe5 37. Rd2 Qc3 38. Qxc3 Rxc3 39. f4 Nc4 40. Ra2
Rd3 41. Nf5 Rd2+ 42. Rxd2 Nxd2 43. g4 g6 44. Ne3 Bc5 45. Nd5 f5 46. h3 Kf7 47.
Kg3 Ne4+ 48. Kf3 h5 49. Nc7 Nf6 50. gxh5 Nxh5 51. Nd5 Nf6 52. Nc3 Ke6 53. Ne2
Kd5 54. Nc3+ Kc4 55. Ne2 Ne4 56. Nc1 Ba3 57. Ne2 Kd3 58. Ng1 Bc5 59. Ne2 0-1

[Event "SR 2. liga A 2008/2009"]
[Site "?"]
[Date "2009.02.01"]
[Round "9.5"]
[White "Stepanovic, Branislav"]
[Black "Chovanec, Vladimir"]
[Result "0-1"]
[WhiteElo "2014"]
[BlackElo "2083"]
[PlyCount "58"]
[EventDate "2008.??.??"]
[WhiteTeam "Slovakia"]
[BlackTeam "II"]
[WhiteTeamCountry "SVK"]
[BlackTeamCountry "SVK"]

1. e4 c5 2. Nf3 Nc6 3. d4 cxd4 4. Nxd4 e5 5. Nb5 d6 6. N1a3 a6 7. Nc3 b5 8. Nd5
Nge7 9. c4 Nd4 10. cxb5 Nxd5 11. exd5 Qh4 12. Bd3 Bg4 13. Qd2 Bf3 14. Kf1 Bxg2+
15. Kxg2 Qg4+ 16. Kf1 Qh3+ 17. Ke1 Nf3+ 18. Kd1 Nxd2 19. Kxd2 Be7 20. Nc4 Qf3
21. Rf1 O-O 22. Ne3 axb5 23. Bxb5 Bg5 24. Kc3 Rfc8+ 25. Bc4 f5 26. Kb4 Rcb8+
27. Bb5 Qe2 28. Nc4 Qxf1 29. Bxg5 Qxa1 0-1

[Event "SR 2. liga A 2008/2009"]
[Site "?"]
[Date "2009.02.01"]
[Round "9.6"]
[White "Cajka, Tibor"]
[Black "Flak, Juraj"]
[Result "1-0"]
[WhiteElo "1907"]
[BlackElo "2059"]
[PlyCount "75"]
[EventDate "2008.??.??"]
[WhiteTeam "Slovakia"]
[BlackTeam "II"]
[WhiteTeamCountry "SVK"]
[BlackTeamCountry "SVK"]

1. e4 e5 2. Nf3 Nc6 3. Bb5 a6 4. Ba4 Nf6 5. O-O Be7 6. Re1 b5 7. Bb3 d6 8. c3
Bg4 9. d3 O-O 10. Nbd2 Na5 11. Bc2 c5 12. Nf1 Qc7 13. Bg5 h6 14. Bh4 Nc6 15.
Ne3 Be6 16. d4 cxd4 17. cxd4 Bd7 18. Rc1 Qb6 19. dxe5 Ne8 20. Nd5 Qd8 21. Nxe7+
Nxe7 22. exd6 g5 23. dxe7 Qxe7 24. Bg3 Bg4 25. Qd5 Rd8 26. Qe5 Qf6 27. Qxf6
Nxf6 28. Ne5 Bh5 29. f3 Rd2 30. Red1 Rfd8 31. Rxd2 Rxd2 32. Be1 Rd8 33. Bb3 Re8
34. Rc5 g4 35. Bh4 Kg7 36. Bxf6+ Kxf6 37. Nd7+ Kg6 38. Rxh5 1-0

[Event "SR 2. liga A 2008/2009"]
[Site "?"]
[Date "2009.02.01"]
[Round "9.6"]
[White "Farkas, Vladimir"]
[Black "Kundrak, Vladimir"]
[Result "1-0"]
[WhiteElo "2035"]
[BlackElo "1942"]
[PlyCount "61"]
[EventDate "2008.??.??"]
[WhiteTeam "Slovakia"]
[BlackTeam "II"]
[WhiteTeamCountry "SVK"]
[BlackTeamCountry "SVK"]

1. e4 c5 2. Nc3 Nc6 3. Nf3 g6 4. g3 Bg7 5. Bg2 d6 6. O-O e6 7. d3 Nge7 8. Ne2
Nd4 9. c3 Nxe2+ 10. Qxe2 Nc6 11. Be3 Rb8 12. Qd2 h5 13. h3 Bd7 14. d4 Qa5 15.
d5 exd5 16. Qxd5 Bf8 17. Bf4 Be6 18. Qd2 Rd8 19. Rfd1 d5 20. Ne5 d4 21. Nxc6
bxc6 22. Be5 Bh6 23. Qc2 O-O 24. cxd4 cxd4 25. Bxd4 Rc8 26. Bf6 Bg7 27. Bxg7
Kxg7 28. b3 c5 29. Bf1 Rfd8 30. Rac1 Rxd1 31. Rxd1 {time} 1-0

[Event "SR 2. liga A 2008/2009"]
[Site "?"]
[Date "2009.02.01"]
[Round "9.6"]
[White "Kolesar, Rastislav"]
[Black "Gajarsky, Roman"]
[Result "1-0"]
[WhiteElo "1978"]
[BlackElo "1943"]
[PlyCount "61"]
[EventDate "2008.??.??"]
[WhiteTeam "Slovakia"]
[BlackTeam "II"]
[WhiteTeamCountry "SVK"]
[BlackTeamCountry "SVK"]

1. e4 c6 2. d4 d5 3. Nc3 dxe4 4. Nxe4 Nf6 5. Nxf6+ exf6 6. Nf3 Bg4 7. Be2 Bd6
8. h3 Be6 9. O-O Qd7 10. Re1 O-O 11. b3 Bb4 12. Bd2 Bxd2 13. Qxd2 Rd8 14. Rad1
b6 15. Nh2 Qc7 16. Bg4 Bxg4 17. Nxg4 Na6 18. Re3 Rd5 19. Rde1 Qd8 20. c4 Rg5
21. Qe2 Nc7 22. h4 Rg6 23. h5 Rg5 24. f4 Rf5 25. Nh6+ gxh6 26. Qg4+ Rg5 27.
fxg5 hxg5 28. h6 Ne6 29. Rxe6 fxe6 30. Qxe6+ Kh8 31. d5 1-0

[Event "SR 2. liga A 2008/2009"]
[Site "?"]
[Date "2009.02.01"]
[Round "9.6"]
[White "Krist, Milan"]
[Black "Goga, Frantisek"]
[Result "0-1"]
[WhiteElo "2046"]
[BlackElo "1960"]
[PlyCount "62"]
[EventDate "2008.??.??"]
[WhiteTeam "Slovakia"]
[BlackTeam "II"]
[WhiteTeamCountry "SVK"]
[BlackTeamCountry "SVK"]

1. d4 Nf6 2. c4 g6 3. Nc3 Bg7 4. e4 d6 5. Nf3 O-O 6. Bd3 e5 7. d5 a5 8. Bg5 h6
9. Bh4 Na6 10. Rc1 Nc5 11. O-O g5 12. Bg3 Nxd3 13. Qxd3 Nh5 14. Nd2 f5 15. f3
f4 16. Bf2 g4 17. fxg4 Bxg4 18. Nf3 b6 19. a3 Nf6 20. Bh4 Qe8 21. Bxf6 Bxf6 22.
Nb5 Bd8 23. Rc2 a4 24. Nc3 Kh8 25. Nb5 Rg8 26. Kh1 Rg7 27. Qe2 Qg6 28. Nc3 Qh5
29. Qf2 Bf6 30. Rd2 Bd7 31. Rc2 Rg4 {time} 0-1

[Event "SR 2. liga A 2008/2009"]
[Site "?"]
[Date "2009.02.01"]
[Round "9.6"]
[White "Mikulas, Dusan"]
[Black "Beles, Milan"]
[Result "1-0"]
[WhiteElo "2183"]
[BlackElo "2083"]
[PlyCount "83"]
[EventDate "2008.??.??"]
[WhiteTeam "Slovakia"]
[BlackTeam "II"]
[WhiteTeamCountry "SVK"]
[BlackTeamCountry "SVK"]

1. e4 c5 2. Nf3 d6 3. d4 cxd4 4. Nxd4 Nf6 5. Nc3 e5 6. Ndb5 a6 7. Na3 b5 8. Nd5
Nxe4 9. Qf3 Nc5 10. b4 e4 11. Qd1 Ne6 12. c4 Be7 13. Bb2 bxc4 14. Nxc4 Nd7 15.
Nxe7 Qxe7 16. Nxd6+ Kf8 17. Rc1 Nb6 18. Be2 Bd7 19. Qd2 Qg5 20. Qxg5 Nxg5 21.
h4 Ne6 22. Nxe4 Bb5 23. Nc5 Re8 24. Bxb5 axb5 25. O-O Nc4 26. Nxe6+ Rxe6 27.
Bd4 Ra6 28. Rfe1 h6 29. Rc2 f6 30. Bc5+ Kg8 31. Re7 Kh7 32. Rb7 Rha8 33. Re2
Rxa2 34. Ree7 Rg8 35. h5 Ne5 36. Rxb5 Ng4 37. g3 Ne5 38. Kg2 Kh8 39. Rbb7 Rd2
40. Be3 Rc2 41. Bxh6 Rxf2+ 42. Kxf2 1-0

[Event "SR 2. liga A 2008/2009"]
[Site "?"]
[Date "2009.02.01"]
[Round "9.6"]
[White "Stefan, Oldrich"]
[Black "Macko, Tibor"]
[Result "1-0"]
[WhiteElo "2030"]
[BlackElo "2152"]
[PlyCount "109"]
[EventDate "2008.??.??"]
[WhiteTeam "Slovakia"]
[BlackTeam "II"]
[WhiteTeamCountry "SVK"]
[BlackTeamCountry "SVK"]

1. d4 g6 2. Nf3 Nf6 3. g3 Bg7 4. Bg2 d6 5. O-O O-O 6. c4 Nbd7 7. Nc3 c5 8. d5
a6 9. Re1 Rb8 10. a4 b6 11. e4 Ng4 12. Qe2 h5 13. h3 Nge5 14. Ng5 Nf6 15. f4
Ned7 16. e5 Nh7 17. e6 Nxg5 18. exd7 Nxh3+ 19. Bxh3 Bxd7 20. f5 Qc8 21. Rf1 Re8
22. fxg6 fxg6 23. Bxd7 Qxd7 24. Qe6+ Qxe6 25. dxe6 Bf6 26. Nd5 Kg7 27. Ra3 Rf8
28. Raf3 b5 29. axb5 axb5 30. cxb5 Rxb5 31. Kh1 Rbb8 32. Nxf6 exf6 33. Bf4 Rb6
34. Rd1 Re8 35. Rxd6 Rxe6 36. Rxe6 Rxe6 37. Bd2 g5 38. Rf5 Rc6 39. Bc3 Kg6 40.
Rd5 c4 41. Kg2 Kf7 42. Kf3 Kg6 43. Bd4 Kf7 44. Rc5 Rxc5 45. Bxc5 Ke6 46. Ke4
f5+ 47. Kd4 h4 48. gxh4 gxh4 49. Kxc4 h3 50. Bg1 Ke5 51. Kd3 Kf4 52. Bh2+ Kf3
53. Kd4 Kg2 54. Bf4 Kf3 55. Ke5 1-0

[Event "SR 2. liga A 2008/2009"]
[Site "?"]
[Date "2009.02.01"]
[Round "9.7"]
[White "Gono, Michal"]
[Black "Labar, Eduard"]
[Result "1/2-1/2"]
[WhiteElo "1854"]
[BlackElo "2051"]
[PlyCount "36"]
[EventDate "2008.??.??"]
[WhiteTeam "Slovakia"]
[BlackTeam "II"]
[WhiteTeamCountry "SVK"]
[BlackTeamCountry "SVK"]

1. d4 d5 2. c4 c6 3. Nc3 Nf6 4. Nf3 e6 5. cxd5 exd5 6. Qc2 Be7 7. Bf4 Nbd7 8.
e3 O-O 9. Bd3 Re8 10. O-O Nf8 11. h3 Nh5 12. Bh2 g6 13. Rab1 a5 14. a3 Bd6 15.
Na4 Ng7 16. Bxd6 Qxd6 17. Nb6 Ra7 18. Nxc8 Rxc8 1/2-1/2

[Event "SR 2. liga A 2008/2009"]
[Site "?"]
[Date "2009.02.01"]
[Round "9.7"]
[White "Hricak, Vasil"]
[Black "Hanzluvka, Peter"]
[Result "1-0"]
[WhiteElo "2046"]
[BlackElo "2038"]
[PlyCount "49"]
[EventDate "2008.??.??"]
[WhiteTeam "Slovakia"]
[BlackTeam "II"]
[WhiteTeamCountry "SVK"]
[BlackTeamCountry "SVK"]

1. e4 c5 2. Nf3 Nc6 3. d4 cxd4 4. Nxd4 Nf6 5. Nc3 a6 6. Nxc6 bxc6 7. e5 Ng8 8.
Bc4 e6 9. O-O d5 10. exd6 Qxd6 11. Qf3 Nf6 12. Bf4 Qc5 13. Bb3 Bb7 14. Rfe1 Be7
15. Re5 Nd5 16. Ne4 Qb4 17. c3 Qb6 18. Bd2 Rd8 19. Qg3 Nf6 20. Qxg7 Rf8 21.
Nxf6+ Bxf6 22. Qxf6 Rxd2 23. Bxe6 Qxf2+ 24. Qxf2 Rxf2 25. Bg4+ 1-0

[Event "SR 2. liga A 2008/2009"]
[Site "?"]
[Date "2009.02.01"]
[Round "9.7"]
[White "Michal, Silvio"]
[Black "Kolman, Richard"]
[Result "1-0"]
[WhiteElo "2110"]
[BlackElo "2123"]
[PlyCount "59"]
[EventDate "2008.??.??"]
[WhiteTeam "Slovakia"]
[BlackTeam "II"]
[WhiteTeamCountry "SVK"]
[BlackTeamCountry "SVK"]

1. c4 e6 2. g3 d5 3. Bg2 Nf6 4. Nf3 Nbd7 5. O-O c6 6. Qc2 Be7 7. d4 b6 8. Bf4
Bb7 9. Nbd2 Nh5 10. cxd5 exd5 11. Be3 O-O 12. g4 Nhf6 13. h3 Bd6 14. Bg5 Qc7
15. Nh4 h6 16. Be3 Rfe8 17. Nf5 Bf8 18. Rfe1 Rac8 19. Rac1 Qb8 20. g5 hxg5 21.
Bxg5 c5 22. Qb3 cxd4 23. Bxf6 Nxf6 24. Nxd4 Qf4 25. e3 Qh6 26. Qb5 Rxc1 27.
Rxc1 Bc8 28. Rc6 Bd7 29. Rxf6 Qxf6 30. Qxd7 1-0

[Event "SR 2. liga A 2008/2009"]
[Site "?"]
[Date "2009.02.01"]
[Round "9.7"]
[White "Peska, Juraj"]
[Black "Bebiak, Jozef"]
[Result "1/2-1/2"]
[WhiteElo "1960"]
[BlackElo "2101"]
[PlyCount "107"]
[EventDate "2008.??.??"]
[WhiteTeam "Slovakia"]
[BlackTeam "II"]
[WhiteTeamCountry "SVK"]
[BlackTeamCountry "SVK"]

1. c4 Nf6 2. Nc3 e5 3. g3 d5 4. cxd5 Nxd5 5. Bg2 Nxc3 6. bxc3 Nc6 7. d3 Be7 8.
Nf3 Bf6 9. Bb2 O-O 10. O-O Bf5 11. Nd2 Qe7 12. Qb3 Be6 13. Ba3 Bxb3 14. Bxe7
Nxe7 15. Nxb3 c6 16. Nc5 b6 17. Nd7 Rfd8 18. Nxf6+ gxf6 19. a4 Rd6 20. Rfc1 Rb8
21. c4 a6 22. Rab1 b5 23. axb5 axb5 24. cxb5 cxb5 25. Rb4 Nf5 26. Rcb1 Nd4 27.
Kf1 Rdb6 28. e3 Ne6 29. Bd5 Kf8 30. Bc4 Nc7 31. Ke2 Ke7 32. d4 Rc6 33. d5 Rc5
34. e4 f5 35. f3 Ra8 36. Bd3 fxe4 37. fxe4 f5 38. Ke3 Ra3 39. R4b3 Rxb3 40.
Rxb3 fxe4 41. Bxe4 Nxd5+ 42. Kd3 h6 43. g4 Nf6 44. Bf3 Kd6 45. h4 e4+ 46. Bxe4
Nxg4 47. Ke2 Ke5 48. Bd3 Kf4 49. Rxb5 Rxb5 50. Bxb5 Kg3 51. h5 Nf6 52. Kf1 Nxh5
53. Kg1 Nf4 54. Be8 1/2-1/2

[Event "SR 2. liga A 2008/2009"]
[Site "?"]
[Date "2009.02.01"]
[Round "9.7"]
[White "Soldan, Jan"]
[Black "Raczko, Peter"]
[Result "1-0"]
[WhiteElo "1934"]
[BlackElo "1979"]
[PlyCount "115"]
[EventDate "2008.??.??"]
[WhiteTeam "Slovakia"]
[BlackTeam "II"]
[WhiteTeamCountry "SVK"]
[BlackTeamCountry "SVK"]

1. e4 d6 2. d4 Nf6 3. Nc3 g6 4. Bd3 Bg7 5. Nf3 c6 6. O-O O-O 7. Ne2 Bg4 8. Ng3
Qc7 9. h3 Bxf3 10. Qxf3 Nbd7 11. c4 c5 12. d5 Ne5 13. Qe2 Nfd7 14. Rb1 Qa5 15.
a3 Nxd3 16. Qxd3 b5 17. b4 bxc4 18. Qxc4 Qa4 19. Qd3 Rab8 20. Bd2 Rfc8 21. Rfc1
Ne5 22. Qb3 Qxb3 23. Rxb3 c4 24. Rbb1 Nd3 25. Rc2 c3 26. Be1 Rc4 27. f3 Rbc8
28. Ne2 Nxe1 29. Rxe1 Bh6 30. Rb1 e6 31. dxe6 fxe6 32. Kf1 d5 33. exd5 exd5 34.
Rd1 Bd2 35. Nc1 Bxc1 36. Rcxc1 d4 37. Ke2 Rd8 38. Kd3 Rc7 39. Re1 Kf7 40. Re4
Rcd7 41. Rc2 Rd5 42. Rce2 R8d7 43. g4 Kf6 44. f4 Rc7 45. Re6+ Kf7 46. R6e4 Rdd7
47. Rc2 a5 48. Rxd4 axb4 49. axb4 Re7 50. Rxc3 Re3+ 51. Kxe3 Rxc3+ 52. Rd3 Rc4
53. Rb3 h5 54. b5 Rc7 55. b6 Rb7 56. Kd4 hxg4 57. hxg4 Ke6 58. Kc5 1-0

[Event "SR 2. liga A 2008/2009"]
[Site "?"]
[Date "2009.02.01"]
[Round "9.7"]
[White "Tomanek, Rafael"]
[Black "Puchart, Vladimir"]
[Result "0-1"]
[WhiteElo "1979"]
[BlackElo "2024"]
[PlyCount "84"]
[EventDate "2008.??.??"]
[WhiteTeam "Slovakia"]
[BlackTeam "II"]
[WhiteTeamCountry "SVK"]
[BlackTeamCountry "SVK"]

1. d4 Nf6 2. Nf3 e6 3. c4 b6 4. Nc3 d5 5. Bg5 Be7 6. e3 O-O 7. cxd5 exd5 8. Bd3
Bb7 9. O-O Nbd7 10. Rc1 Ne4 11. Bxe7 Qxe7 12. Qe2 c5 13. dxc5 Ndxc5 14. Rfd1
Rac8 15. Bb1 Nxc3 16. Rxc3 Ne4 17. Rxc8 Rxc8 18. Nd4 Qb4 19. g3 g6 20. h4 Qe7
21. a3 Qe5 22. Kg2 Nd6 23. Bd3 Rc5 24. Kh2 Kg7 25. Rd2 Ne4 26. Rc2 Qf6 27. Kg1
Qd6 28. Nb5 Qb8 29. Bxe4 dxe4 30. Rxc5 bxc5 31. Qd2 Ba6 32. Nd6 Bd3 33. Qc3+ f6
34. Qxc5 Qxb2 35. Qc7+ Kh6 36. Nf7+ Kh5 37. Qf4 Qb1+ 38. Kh2 Be2 39. Qh6+ Kg4
40. Qxh7 Kf3 41. Nd6 Kxf2 42. Nxe4+ Qxe4 0-1

[Event "SR 2. liga A 2008/2009"]
[Site "?"]
[Date "2009.02.01"]
[Round "9.8"]
[White "Gettler, Daniel"]
[Black "Mihalik, Anton"]
[Result "1/2-1/2"]
[WhiteElo "1879"]
[BlackElo "1959"]
[PlyCount "107"]
[EventDate "2008.??.??"]
[WhiteTeam "Slovakia"]
[BlackTeam "II"]
[WhiteTeamCountry "SVK"]
[BlackTeamCountry "SVK"]

1. c4 c5 2. Nf3 Nf6 3. d4 cxd4 4. Nxd4 Nc6 5. Nc3 a6 6. e4 d6 7. Be2 e5 8. Nc2
Be6 9. O-O Be7 10. Be3 O-O 11. h3 Qc7 12. Qd2 b6 13. Rac1 Na5 14. b3 Nb7 15.
Rfd1 Nc5 16. f3 Rfd8 17. Kh2 Rab8 18. g4 Qc8 19. Bg5 Ncd7 20. Ne3 h6 21. Ncd5
Bxd5 22. Nf5 Nxg4+ 23. hxg4 Bxg5 24. Qxd5 Qc5 25. Qxc5 dxc5 26. Rc3 Nf8 27. Rd5
Ne6 28. Rc2 Nf4 29. Rxd8+ Rxd8 30. Bf1 Ne6 31. Kg2 g6 32. Ng3 Nf4+ 33. Kh2 Ne6
34. Ne2 Nd4 35. Nxd4 exd4 36. Bd3 Rd6 37. Kg3 Rf6 38. Re2 Be3 39. Rb2 a5 40.
Rb1 Kg7 41. Rh1 Bf4+ 42. Kf2 Re6 43. Bf1 Re5 44. Bd3 Rg5 45. Rh4 h5 46. Bf1
hxg4 47. fxg4 Re5 48. Bd3 Re6 49. Rh3 Rf6 50. Ke2 Be3 51. Rf3 Rxf3 52. Kxf3 Kf6
53. a4 Ke5 54. Bf1 1/2-1/2

[Event "SR 2. liga A 2008/2009"]
[Site "?"]
[Date "2009.02.01"]
[Round "9.8"]
[White "Jelenciak, Jozef"]
[Black "Horvath, Marek"]
[Result "1-0"]
[WhiteElo "1839"]
[BlackElo "1938"]
[PlyCount "39"]
[EventDate "2008.??.??"]
[WhiteTeam "Slovakia"]
[BlackTeam "II"]
[WhiteTeamCountry "SVK"]
[BlackTeamCountry "SVK"]

1. e4 e5 2. Nc3 Nf6 3. Bc4 c6 4. d4 Bb4 5. f3 Qa5 6. Nge2 d6 7. Be3 Be6 8. Bb3
Qc7 9. O-O Bxb3 10. axb3 Nbd7 11. Qe1 O-O 12. Qg3 Nh5 13. Qh4 g6 14. g4 Ng7 15.
Bh6 a6 16. Kh1 Ba5 17. f4 f6 18. Rf3 Qd8 19. Rh3 Qe7 20. Rxa5 1-0